[Event "Challenge"]
[Site "http://www.queenalice.com/game.php?id=650620"]
[Date "2009.9.11"]
[Round "-"]
[White "pink_floyd"]
[Black "francky78"]
[Result "0-1"]
[WhiteElo "1328"]
[BlackElo "1538"]

1. e4 d6 2. h3 c5 3. Nf3 a6 4. d3 g6 5. c3 Bg7 6. Be3 b6 7. Nbd2 Bd7 8. d4 Nf6
9. a3 O-O 10. b4 cxb4 11. axb4 Qc8 0-1

[Event "Challenge"]
[Site "http://www.queenalice.com/game.php?id=650624"]
[Date "2009.9.11"]
[Round "-"]
[White "Homedepotov"]
[Black "pink_floyd"]
[Result "1-0"]
[WhiteElo "1694"]
[BlackElo "1348"]

1. e4 e5 2. Nf3 Nc6 3. Bb5 a6 4. Ba4 Nf6 5. O-O b5 6. Bb3 d6 7. Re1 Be7 8. c3
O-O 9. d4 Bg4 10. d5 Na5 11. Bc2 Qd7 12. a4 h6 13. h3 1-0

[Event "Challenge"]
[Site "http://www.queenalice.com/game.php?id=650628"]
[Date "2009.9.11"]
[Round "-"]
[White "eduxarapov"]
[Black "pink_floyd"]
[Result "1-0"]
[WhiteElo "1545"]
[BlackElo "1422"]

1. Nf3 d5 2. e3 c5 3. c4 e6 4. d4 Nf6 5. g3 Nc6 6. Bh3 Bd6 7. O-O O-O 8. Nc3 a5
9. Nb5 Re8 10. b3 Be7 11. Re1 Ne4 12. Ba3 b6 13. Bb2 Ba6 14. a4 1-0

[Event "Challenge"]
[Site "http://www.queenalice.com/game.php?id=650983"]
[Date "2009.9.12"]
[Round "-"]
[White "vult0"]
[Black "pink_floyd"]
[Result "1-0"]
[WhiteElo "1779"]
[BlackElo "1530"]

1. e4 e5 2. Nf3 Nc6 3. Bc4 Be7 4. d4 exd4 5. Nxd4 Ne5 6. Bb3 d6 7. O-O Nf6 8.
Re1 O-O 9. Bg5 h6 10. Bh4 Nh7 11. Bg3 Bf6 12. c3 c6 13. Nd2 Qa5 14. Nc4 Nxc4 15.
Bxc4 Qb6 16. b3 Be5 17. Bxe5 dxe5 18. Nf5 Nf6 19. Bd3 a5 20. Re3 a4 21. Rg3 Bxf5
22. exf5 axb3 23. axb3 Rad8 24. Qc2 Rfe8 25. c4 Qd4 26. Rd1 e4 27. Bf1 Qxd1 28.
Qc3 Re5 29. Qxe5 Qe1 30. Qxf6 1-0

[Event "Challenge"]
[Site "http://www.queenalice.com/game.php?id=650991"]
[Date "2009.9.12"]
[Round "-"]
[White "Landoaldojr"]
[Black "pink_floyd"]
[Result "1-0"]
[WhiteElo "1718"]
[BlackElo "1359"]

1. Nf3 d5 2. d4 e6 3. Bg5 Nf6 4. a3 Be7 5. Nbd2 O-O 6. e3 h6 7. Bh4 c6 8. b4 a6
9. Be2 b6 10. O-O Nh7 11. Bxe7 Qxe7 12. Nb3 Nd7 13. Ne5 Ng5 14. Nxc6 1-0

[Event "Challenge"]
[Site "http://www.queenalice.com/game.php?id=651011"]
[Date "2009.9.12"]
[Round "-"]
[White "bumpywater"]
[Black "pink_floyd"]
[Result "1-0"]
[WhiteElo "1647"]
[BlackElo "1368"]

1. e4 e5 2. Nf3 Nc6 3. a3 Be7 4. Bb5 Nf6 5. Nc3 d6 6. Bxc6+ bxc6 7. h3 O-O 8. d4
a5 9. O-O Bb7 10. Bg5 h6 11. Bh4 Qd7 12. Bxf6 1-0

[Event "Challenge 2"]
[Site "http://www.queenalice.com/game.php?id=651084"]
[Date "2009.9.12"]
[Round "-"]
[White "Archer"]
[Black "pink_floyd"]
[Result "1-0"]
[WhiteElo "1787"]
[BlackElo "1519"]

1. e4 e5 2. Bc4 Nc6 3. Nf3 Be7 4. d4 exd4 5. Nxd4 Ne5 6. Bxf7+ Kxf7 7. Qh5+ Ng6
8. Nc3 Nf6 9. Qf3 Re8 10. Bg5 Kg8 11. O-O-O d6 12. Nd5 Bg4 13. Nxf6+ gxf6 14.
Qxg4 fxg5 15. Rhe1 Bf6 16. Nf5 c6 17. Rxd6 Qb6 18. b3 Qxf2 19. Red1 1-0

[Event "Challenge 3"]
[Site "http://www.queenalice.com/game.php?id=651095"]
[Date "2009.9.12"]
[Round "-"]
[White "ReidoBaralho"]
[Black "pink_floyd"]
[Result "1-0"]
[WhiteElo "1570"]
[BlackElo "1406"]

1. e4 e5 2. Qh5 Nc6 3. Bc4 g6 4. Qf3 Nf6 5. d3 Bg7 6. b3 O-O 7. Ba3 d6 8. Bb5
Nd4 9. Qe3 Nxc2+ 10. Kd2 Nxe3 11. fxe3 a6 12. Bc4 b5 13. Bd5 Ra7 14. b4 Bb7 15.
Bb3 d5 16. Nc3 dxe4 17. d4 exd4 18. Nce2 dxe3+ 19. Kxe3 Ng4+ 20. Kf4 Bxa1 21.
Kxg4 Bg7 22. Nh3 Bd5 23. Bd1 Bxa2 24. Bc1 Be6+ 25. Kf4 Qh4+ 26. Ke3 Bxh3 27.
gxh3 Qxh3+ 28. Ng3 f5 29. Kf2 Qh4 30. Be3 Raa8 31. Kg2 1-0

[Event "Challenge 2"]
[Site "http://www.queenalice.com/game.php?id=651099"]
[Date "2009.9.12"]
[Round "-"]
[White "Hagi"]
[Black "pink_floyd"]
[Result "1-0"]
[WhiteElo "1696"]
[BlackElo "1435"]

1. e4 e5 2. Bc4 Nc6 3. Nf3 Be7 4. c3 h6 5. d4 exd4 6. cxd4 d6 7. d5 Ne5 8. Nxe5
dxe5 9. Nd2 Nf6 10. Qc2 O-O 11. O-O Bd7 12. Nf3 Bd6 13. Re1 c6 14. a3 Qc7 15. b4
Rac8 16. Bd2 cxd5 17. exd5 1-0

[Event "Challenge"]
[Site "http://www.queenalice.com/game.php?id=651106"]
[Date "2009.9.12"]
[Round "-"]
[White "Leof"]
[Black "pink_floyd"]
[Result "1-0"]
[WhiteElo "1546"]
[BlackElo "1382"]

1. d3 e5 2. e4 Nc6 3. f4 exf4 4. Bxf4 d6 5. Nf3 Nf6 6. Nc3 Be7 7. Qe2 O-O 8.
O-O-O Bg4 9. h3 Be6 10. a3 h6 11. d4 Nb8 12. d5 Bd7 13. Nh4 c6 14. g4 Nh7 15.
Nf5 Bg5 16. Bxg5 Qxg5+ 17. Rd2 Re8 18. Nxd6 1-0